00473nam a2200157 4500001000700000003000900007005001700016007000300033008004100036100003500077245008500112260004300197300002700240700002700267852002100294148308ES-MaACL20250427062958.0t|070214s1916 ag r ||||1| spa d1 aStorni, Alfonsina, d1892-193813aLa inquietud del rosal / cAlfonsina Storni ; prólogo de Juan Julián Lastra. aBuenos Aires : bM. Calvelio, c[1916] a126 p. ; c19 x 14 cm.1 aLastra, Juan Julián. aES-MaACLjD-2931